000 01534cam a22004694i 4500
003 PE-LiUPU
005 20250731173455.0
008 150616s r 000 0 d
020 _a056729255X
035 _a(Sirsi) i9780567292551
040 _aPE-LiUPU
_bspa
_cPE-LiUPU
_erda
049 _aPRUA
082 0 4 _a226.206
_bS78
_221
100 1 _aStanton, Graham,
_eautor.
245 1 4 _aThe Interpretation of Matthew /
_cGraham Stanton.
264 1 _aEdinburgh :
_bT &T Clark,
_c1995.
300 _a219 páginas ;
_c21 centímetros
336 _atext
_2rdacontent
337 _aunmediated
_2rdamedia
338 _avolume
_2rdacarrier
490 0 _aStudies in New Testament Interpretation
505 0 _aInterpretación del libro de Mateo Mateo.
526 _aSEG42
526 _aSEG41
526 _aSEG40
526 _aSEG39
526 _aP94
526 _aP87
526 _aP86
526 _aP85
526 _aP77
526 _aP76
526 _aP35
630 _aBiblia.
_pN.T.
_pMateo
_xCrítica, interpretación, etc.
910 _ajck
_bjvq
_cjck
942 _2ddc
_cBOOK
949 _a226.206 S78
_wDEWEY
_c1
_i39953
_lCCODEBUL1
_mBUL
_r0
_sY
_tBOOK
_u2015-6-16
_xTEOLOGIA
_zUNKNOWN
_0COMPRA
_o.STAFF. Colección General
994 _aC0
_bPEPRU
596 _a1
999 _a226.206 S78
_wDEWEY
_c57730
_i39953
_d57730
_f2021-11-9
_g5
_lCCODEBUL1
_mBUL
_q1
_r0
_sY
_tBOOK
_u2015-6-16
_xTEOLOGIA
_zUNKNOWN
_0COMPRA
_o.STAFF. Colección General
980 _81
_gALBERTO SANCHEZ Responsable de Automatización